[Event "SVK-chT2A 1920"]
[Site "Slovakia"]
[Date "2019.12.14"]
[Round "5.7"]
[White "Lesny, Stefan"]
[Black "Slobodnik, Michal"]
[Result "1/2-1/2"]
[WhiteElo "2013"]
[BlackElo "2051"]
[PlyCount "31"]
[EventDate "2019.10.26"]
[EventType "team-tourn"]
[EventRounds "11"]
[EventCountry "SVK"]
[SourceTitle "CBM 194 Extra"]
[Source "ChessBase"]
[SourceDate "2020.03.31"]
[SourceVersion "1"]
[SourceVersionDate "2020.03.31"]
[SourceQuality "1"]
[WhiteTeam "Senec"]
[BlackTeam "Trnava Sered"]
[WhiteTeamCountry "SVK"]
[BlackTeamCountry "SVK"]

1. e4 Nf6 2. Nc3 d5 3. exd5 Nxd5 4. Nxd5 Qxd5 5. Qf3 Qd6 6. Bc4 e6 7. c3 Nc6 8. d4 Be7 9. Ne2 0-0 10. Qg3 e5 11. Be3 Bf5 12. 0-0 Bf6 13. Bb5 Ne7 14. dxe5 Qxe5 15. Qxe5 Bxe5 16. Bf4 1/2-1/2

[Event "SVK-chT2A 1819"]
[Site "Slovakia"]
[Date "2018.10.13"]
[Round "1.7"]
[White "Helbich, Branislav"]
[Black "Lesny, Stefan"]
[Result "1/2-1/2"]
[WhiteElo "1965"]
[BlackElo "2019"]
[PlyCount "40"]
[EventDate "2018.10.13"]
[EventType "team-tourn"]
[EventRounds "11"]
[EventCountry "SVK"]
[SourceTitle "CBM 189 Extra"]
[Source "ChessBase"]
[SourceDate "2019.06.03"]
[SourceVersion "1"]
[SourceVersionDate "2019.06.03"]
[SourceQuality "1"]
[WhiteTeam "Bratislava Doprastav"]
[BlackTeam "Senec"]
[WhiteTeamCountry "SVK"]
[BlackTeamCountry "SVK"]

1. e4 e5 2. Nf3 Nf6 3. d3 Nc6 4. c3 d6 5. Be2 Ne7 6. 0-0 Ng6 7. Re1 Be7 8. Qc2 0-0 9. d4 c6 10. Nbd2 Qc7 11. c4 Nf4 12. Bf1 Ne6 13. Nb3 c5 14. d5 Nd4 15. Nbxd4 cxd4 16. Bd3 h6 17. Kh1 Bd7 18. Qe2 Nh7 19. Bd2 f5 20. Rec1 b6 1/2-1/2

[Event "SVK-chT2A 1718"]
[Site "Slovakia"]
[Date "2017.11.25"]
[Round "3.7"]
[White "Lesny, Stefan"]
[Black "Novak, Stanislav"]
[Result "1/2-1/2"]
[WhiteElo "2041"]
[BlackElo "1941"]
[PlyCount "57"]
[EventDate "2017.10.28"]
[EventType "team-tourn"]
[EventRounds "11"]
[EventCountry "SVK"]
[SourceTitle "EXT 2019"]
[Source "ChessBase"]
[SourceDate "2018.10.10"]
[SourceVersion "1"]
[SourceVersionDate "2018.10.10"]
[SourceQuality "1"]
[WhiteTeam "Senec"]
[BlackTeam "Bratislava Doprastav II"]
[WhiteTeamCountry "SVK"]
[BlackTeamCountry "SVK"]

1. e4 d6 2. d4 Nf6 3. Bd3 g6 4. c3 Bg7 5. Nf3 0-0 6. h3 c5 7. Be3 cxd4 8. Nxd4 Nc6 9. Nf3 Nd7 10. Nbd2 Nde5 11. Bc2 b5 12. Nxe5 Nxe5 13. Bd4 Bb7 14. 0-0 d5 15. Qe2 Nc4 16. Bxg7 Kxg7 17. Nxc4 dxc4 18. Rad1 Qc7 19. Qe3 a6 20. Qd4+ e5 21. Qd7 Rac8 22. Rd6 Qxd7 23. Rxd7 Bc6 24. Rd6 Rfd8 25. Rfd1 Rxd6 26. Rxd6 f6 27. Kf1 Kf7 28. Ke2 Ke7 29. Rd2 1/2-1/2

[Event "SVK-chT2A 1617"]
[Site "Slovakia"]
[Date "2016.11.05"]
[Round "3.7"]
[White "Lesny, Stefan"]
[Black "Mikulas, Dusan"]
[Result "0-1"]
[WhiteElo "2021"]
[BlackElo "2064"]
[PlyCount "88"]
[EventDate "2016.10.08"]
[EventType "team-tourn"]
[EventRounds "11"]
[EventCountry "SVK"]
[SourceTitle "CBM 175 Extra"]
[Source "ChessBase"]
[SourceDate "2016.12.12"]
[SourceVersion "1"]
[SourceVersionDate "2016.12.12"]
[SourceQuality "1"]
[WhiteTeam "Senec"]
[BlackTeam "Bratislava Slovan IV"]
[WhiteTeamCountry "SVK"]
[BlackTeamCountry "SVK"]

1. e4 c5 2. f4 g6 3. Nf3 Bg7 4. c3 d5 5. e5 Nc6 6. d3 Nh6 7. Na3 0-0 8. Nc2 d4 9. c4 f6 10. exf6 Rxf6 11. Be2 Nf7 12. 0-0 Qc7 13. g3 Bh3 14. Rf2 Rf8 15. Nce1 Bh6 16. Nd2 Nd6 17. Bg4 Bxg4 18. Qxg4 e5 19. Qh3 g5 20. f5 Rxf5 21. Rxf5 Nxf5 22. Ne4 Qf7 23. Bxg5 Bxg5 24. Nxg5 Qg7 25. Ne4 b6 26. Qg2 Ne3 27. Qe2 Rf1+ 28. Qxf1 Nxf1 29. Kxf1 Nb4 30. Nf2 Qh6 31. a3 Nc6 32. Nf3 Qe3 33. Ne1 Qd2 34. Rb1 Ne7 35. Nf3 Qc2 36. Re1 Nf5 37. Nxe5 Ne3+ 38. Kg1 Qxb2 39. Neg4 Qxa3 40. Nxe3 dxe3 41. Ng4 Qxd3 42. Nxe3 Qd2 43. Ng2 Qd4+ 44. Ne3 a5 0-1

[Event "SVK-ch Seniors-B"]
[Site "Tatranske Matliare"]
[Date "2016.06.09"]
[Round "6"]
[White "Lesny, Stefan"]
[Black "Privara, Igor"]
[Result "0-1"]
[WhiteElo "2015"]
[BlackElo "2151"]
[PlyCount "86"]
[EventDate "2016.06.05"]
[EventType "swiss"]
[EventRounds "9"]
[EventCountry "SVK"]
[SourceTitle "EXT 2023"]
[Source "ChessBase"]
[SourceDate "2022.10.05"]
[SourceVersion "1"]
[SourceVersionDate "2022.10.05"]
[SourceQuality "1"]

1. e4 c5 2. Nf3 Nc6 3. Nc3 g6 4. Bc4 Bg7 5. a3 d6 6. h3 Nf6 7. d3 0-0 8. Nd5 e6 9. Nxf6+ Bxf6 10. c3 d5 11. Bb3 b6 12. 0-0 Bb7 13. Re1 d4 14. c4 Qc7 15. Bg5 Bg7 16. Ba4 h6 17. Bc1 e5 18. Qe2 Rae8 19. Rb1 a5 20. b3 f5 21. Nd2 Re7 22. Bxc6 Bxc6 23. a4 f4 24. Nf3 Bd7 25. Nh2 Qc8 26. Rd1 Ref7 27. f3 Bf6 28. Bd2 h5 29. Rb2 Rg7 30. Rf1 Bh4 31. Ra1 g5 32. Be1 Bxe1 33. Qxe1 Rf6 34. Raa2 Rfg6 35. Qd1 g4 36. fxg4 hxg4 37. hxg4 Bxg4 38. Nxg4 Rxg4 39. Rf2 Qd8 40. Kf1 Qh4 41. Qe1 Rg3 42. Qd1 Qh1+ 43. Ke2 Re3+ 0-1

[Event "SVK-ch Seniors"]
[Site "Tatranske Matliare"]
[Date "2015.05.31"]
[Round "3"]
[White "Lesny, Stefan"]
[Black "Ruckschloss, Karol"]
[Result "0-1"]
[WhiteElo "2011"]
[BlackElo "2226"]
[PlyCount "120"]
[EventDate "2015.05.30"]
[EventType "swiss"]
[EventRounds "9"]
[EventCountry "SVK"]
[SourceTitle "EXT 2017"]
[Source "ChessBase"]
[SourceDate "2016.10.25"]
[SourceVersion "1"]
[SourceVersionDate "2016.10.25"]
[SourceQuality "1"]

1. e4 d6 2. f4 g6 3. Nf3 Bg7 4. c3 Nf6 5. d3 c5 6. g3 Nc6 7. Bg2 Bg4 8. h3 Bd7 9. 0-0 0-0 10. Na3 Rb8 11. Nc2 b5 12. Ne3 a5 13. Kh2 a4 14. a3 Na5 15. Nd2 Ne8 16. f5 Nc7 17. Qf3 b4 18. c4 bxa3 19. Rxa3 Bxb2 20. Bxb2 Rxb2 21. Rf2 Nc6 22. Nd1 Rb8 23. Nc3 Ne5 24. Qe3 Na6 25. Bf1 Nb4 26. Nf3 Nbc6 27. Nxe5 Nxe5 28. Nxa4 Ra8 29. Rfa2 Bxa4 30. Rxa4 Rxa4 31. Rxa4 Qb6 32. Ra2 Qb1 33. Rf2 Kg7 34. fxg6 hxg6 35. Kg2 Ra8 36. Rd2 Ra3 37. Qe2 Rc3 38. Rd1 Qb3 39. Rd2 Rc1 40. Rb2 Qa3 41. Ra2 Qb4 42. Rb2 Qc3 43. Qd2 Kf6 44. Qxc3 Rxc3 45. Rd2 Nc6 46. Kf2 Ke5 47. Ke3 Na5 48. Kf2 Nb3 49. Ra2 Nc1 50. Ra7 Nxd3+ 51. Bxd3 Rxd3 52. Rxe7+ Kf6 53. Re8 Rc3 54. h4 Rxc4 55. Ke3 Rc1 56. g4 Re1+ 57. Kf4 d5 58. e5+ Kg7 59. Rc8 c4 60. Rc5 Re4+ 0-1

[Event "SVK-chT3A2 1415"]
[Site "Slovakia"]
[Date "2014.11.16"]
[Round "3.3"]
[White "Lesny, Stefan"]
[Black "Kovacocy, Pavol"]
[Result "0-1"]
[WhiteElo "2083"]
[BlackElo "2192"]
[PlyCount "42"]
[EventDate "2014.10.19"]
[EventType "team-tourn"]
[EventRounds "11"]
[EventCountry "SVK"]
[SourceTitle "EXT 2019"]
[Source "ChessBase"]
[SourceDate "2018.10.10"]
[SourceVersion "1"]
[SourceVersionDate "2018.10.10"]
[SourceQuality "1"]

1. e4 g6 2. f4 Bg7 3. Nf3 d5 4. e5 c5 5. c3 Nh6 6. d3 0-0 7. Na3 Nc6 8. Nc2 f6 9. d4 cxd4 10. cxd4 Bg4 11. Be2 Qa5+ 12. Qd2 Qb6 13. b3 Rad8 14. Ba3 Rf7 15. Bc5 Qc7 16. Ba3 Bxf3 17. Bxf3 fxe5 18. fxe5 Nf5 19. 0-0 Bh6 20. Qc3 e6 21. Qd3 Ncxd4 0-1

[Event "SVK-ch Seniors"]
[Site "Tatranske Matliare"]
[Date "2013.06.08"]
[Round "8"]
[White "Lesny, Stefan"]
[Black "Kopecek, Ivan"]
[Result "1-0"]
[WhiteElo "2102"]
[BlackElo "1912"]
[PlyCount "53"]
[EventDate "2013.06.02"]
[EventType "swiss"]
[EventRounds "9"]
[EventCountry "SVK"]
[SourceTitle "EXT 2023"]
[Source "ChessBase"]
[SourceDate "2022.10.05"]
[SourceVersion "1"]
[SourceVersionDate "2022.10.05"]
[SourceQuality "1"]

1. e4 e5 2. Nf3 Nc6 3. Bc4 Nf6 4. Ng5 d5 5. exd5 Na5 6. Bb5+ c6 7. dxc6 bxc6 8. Qf3 Be7 9. Be2 0-0 10. Ne4 Nd5 11. d3 f5 12. Nec3 Rb8 13. a3 Nb7 14. Nxd5 cxd5 15. Nc3 e4 16. Qg3 f4 17. Bxf4 Bh4 18. Qe3 d4 19. Qxe4 dxc3 20. Bxb8 Bxf2+ 21. Kd1 Bd4 22. bxc3 Bf6 23. Be5 Bxe5 24. Qxe5 Re8 25. Qd4 Qg5 26. Bf3 Nd8 27. Qd5+ 1-0

[Event "SVK-ch Seniors"]
[Site "Tatranske Matliare"]
[Date "2013.06.03"]
[Round "2"]
[White "Lesny, Stefan"]
[Black "Sopko, Rudolf"]
[Result "1/2-1/2"]
[WhiteElo "2102"]
[BlackElo "1892"]
[PlyCount "56"]
[EventDate "2013.06.02"]
[EventType "swiss"]
[EventRounds "9"]
[EventCountry "SVK"]
[SourceTitle "EXT 2023"]
[Source "ChessBase"]
[SourceDate "2022.10.05"]
[SourceVersion "1"]
[SourceVersionDate "2022.10.05"]
[SourceQuality "1"]

1. e4 e5 2. Nf3 Nf6 3. Nc3 Nc6 4. Bb5 Bb4 5. d3 d6 6. h3 h6 7. 0-0 Bxc3 8. bxc3 a6 9. Ba4 Bd7 10. Rb1 b5 11. Bb3 Ne7 12. c4 c5 13. c3 0-0 14. Nh4 Kh7 15. f4 Ng6 16. fxe5 Nxe5 17. Nf3 Ng6 18. Rb2 bxc4 19. Bxc4 Be6 20. Bb3 Bxb3 21. Rxb3 Qc7 22. c4 Nd7 23. Qe1 Nde5 24. Qg3 Qe7 25. Bb2 Rab8 26. Bxe5 dxe5 27. Rfb1 Nf4 28. Kh2 Qc7 1/2-1/2

[Event "SVK-ch Seniors"]
[Site "Tatranske Matliare"]
[Date "2012.06.07"]
[Round "7"]
[White "Lesny, Stefan"]
[Black "Novotny, Michal1111"]
[Result "1-0"]
[WhiteElo "2089"]
[BlackElo "1971"]
[PlyCount "149"]
[EventDate "2012.06.02"]
[EventType "swiss"]
[EventRounds "9"]
[EventCountry "SVK"]
[SourceTitle "EXT 2014"]
[Source "ChessBase"]
[SourceDate "2013.11.20"]
[SourceVersion "1"]
[SourceVersionDate "2013.11.20"]
[SourceQuality "1"]

1. e4 e6 2. f4 d5 3. e5 c5 4. Nf3 Nc6 5. c3 d4 6. d3 Nge7 7. Be2 Nf5 8. 0-0 Be7 9. Na3 a6 10. Nc2 0-0 11. Nd2 Qc7 12. Ne4 b5 13. a4 b4 14. c4 Bb7 15. b3 Rad8 16. Bf3 Na5 17. Rb1 Nh4 18. Qe2 Nxf3+ 19. Rxf3 f5 20. exf6 Bxf6 21. Rh3 Rde8 22. Qh5 Bxe4 23. dxe4 g6 24. Qg4 Qd7 25. Ne1 Qc6 26. e5 Qe4 27. Nd3 Bxe5 28. Qh4 g5 29. Qxg5+ Bg7 30. Rg3 Rf7 31. Qe5 Qxd3 32. Qxg7+ Rxg7 33. Rxd3 e5 34. fxe5 Rxe5 35. Bf4 Rf5 36. Rf1 Rgf7 37. g3 Re7 38. Kf2 Nc6 39. Re1 Ne5 40. Rd2 Ng4+ 41. Kf1 Ne3+ 42. Kg1 Nd5 43. Rxe7 Nxe7 44. Rf2 Nc8 45. Kg2 Kf7 46. Kf3 Rf6 47. Ke4 Ke6 48. Re2 Rf5 49. g4 Rf8 50. Kf3+ Kd7 51. Re5 Kc6 52. Re6+ Kb7 53. h4 Rf7 54. g5 Ne7 55. Rf6 Rxf6 56. gxf6 Ng6 57. h5 Nh8 58. Ke4 Kc6 59. Ke5 Kd7 60. Kd5 d3 61. Kxc5 Ke6 62. Kxb4 Kxf6 63. c5 Ke6 64. Kc4 Kf5 65. Bd2 Ke4 66. b4 Nf7 67. b5 Ne5+ 68. Kc3 axb5 69. axb5 Nd7 70. c6 Nb6 71. Bg5 Nd5+ 72. Kd2 Kd4 73. b6 Nc3 74. Bf6+ Kc5 75. c7 1-0

[Event "SVK-ch Seniors"]
[Site "Tatranske Matliare"]
[Date "2012.06.04"]
[Round "4"]
[White "Bahna, Jan"]
[Black "Lesny, Stefan"]
[Result "0-1"]
[WhiteElo "1956"]
[BlackElo "2089"]
[PlyCount "70"]
[EventDate "2012.06.02"]
[EventType "swiss"]
[EventRounds "9"]
[EventCountry "SVK"]
[SourceTitle "EXT 2014"]
[Source "ChessBase"]
[SourceDate "2013.11.20"]
[SourceVersion "1"]
[SourceVersionDate "2013.11.20"]
[SourceQuality "1"]

1. e4 e5 2. Nf3 Nc6 3. Bb5 d6 4. 0-0 Bd7 5. c3 Nf6 6. Re1 Be7 7. d4 0-0 8. Nbd2 exd4 9. cxd4 Bg4 10. Qa4 Nb8 11. e5 Nd5 12. Qb3 c6 13. Bd3 Nb6 14. h3 Be6 15. Qc2 h6 16. Ne4 dxe5 17. dxe5 Nd5 18. a3 Nd7 19. b4 a6 20. Be3 Nxe3 21. Rxe3 Nb6 22. Rd1 Nd5 23. Ree1 Qb6 24. Nc3 Nxc3 25. Qxc3 a5 26. b5 cxb5 27. Rb1 Rfc8 28. Qb2 b4 29. a4 Rd8 30. Red1 Bc5 31. Rd2 Bd5 32. Nh4 Bc6 33. Nf5 Rxd3 34. Rxd3 Be4 35. Nxh6+ Qxh6 0-1

[Event "SVK-ch Seniors-A"]
[Site "Tatranske Matliare"]
[Date "2011.05.??"]
[Round "8"]
[White "Lesny, Stefan"]
[Black "Bakalar, Jan"]
[Result "1/2-1/2"]
[WhiteElo "2074"]
[BlackElo "2017"]
[PlyCount "29"]
[EventDate "2011.05.27"]
[EventType "swiss"]
[EventRounds "9"]
[EventCountry "SVK"]
[SourceTitle "EXT 2023"]
[Source "ChessBase"]
[SourceDate "2022.10.05"]
[SourceVersion "1"]
[SourceVersionDate "2022.10.05"]
[SourceQuality "1"]

1. e4 c5 2. f4 Nc6 3. Nf3 g6 4. c3 d5 5. e5 Bg4 6. Be2 e6 7. 0-0 Bxf3 8. Bxf3 h5 9. d3 Nge7 10. Na3 Nf5 11. Nc2 Qc7 12. Ne3 Nxe3 13. Bxe3 Ne7 14. Qa4+ Qc6 15. a3 1/2-1/2

[Event "SVK-ch Seniors-A"]
[Site "Tatranske Matliare"]
[Date "2011.05.??"]
[Round "7"]
[White "Lonc, Augustin"]
[Black "Lesny, Stefan"]
[Result "0-1"]
[WhiteElo "1923"]
[BlackElo "2074"]
[PlyCount "166"]
[EventDate "2011.05.27"]
[EventType "swiss"]
[EventRounds "9"]
[EventCountry "SVK"]
[SourceTitle "EXT 2023"]
[Source "ChessBase"]
[SourceDate "2022.10.05"]
[SourceVersion "1"]
[SourceVersionDate "2022.10.05"]
[SourceQuality "1"]

1. c4 e6 2. Nf3 d5 3. g3 c6 4. cxd5 exd5 5. d4 Nf6 6. Bg2 Bd6 7. Nc3 0-0 8. 0-0 Re8 9. Re1 Bg4 10. Qc2 Nbd7 11. Na4 Ne4 12. a3 h6 13. b4 Bf5 14. Qb2 Qc7 15. Nh4 Bh7 16. Nc5 Nb6 17. Nxe4 dxe4 18. Bh1 a6 19. Ng2 Qd7 20. Ne3 Rad8 21. Qb3 Bc7 22. Bb2 Qe6 23. Qxe6 Rxe6 24. Rac1 Bb8 25. Ng2 Nd5 26. e3 g5 27. Re2 Bd6 28. Ne1 Ra8 29. Ra1 h5 30. Bg2 Kg7 31. Nc2 g4 32. h4 f6 33. Bf1 Bg8 34. Rd2 Re7 35. Bc4 Nb6 36. Bxg8 Rxg8 37. Re2 Nd5 38. Rc1 Ra8 39. Ra1 Rd7 40. Ree1 Kf7 41. Ra2 Ke6 42. Na1 a5 43. bxa5 Rxa5 44. Nb3 Rb5 45. Nd2 f5 46. Nc4 Bc7 47. Rc1 Rd8 48. Kf1 Ra8 49. Rca1 Nb6 50. Nxb6 Bxb6 51. Bc3 Ba5 52. Bxa5 Raxa5 53. a4 Rb4 54. Ke2 Kd5 55. Kd2 b6 56. Kc3 Rc4+ 57. Kb3 b5 58. Ra3 c5 59. dxc5 Kxc5 60. Kb2 Rb4+ 61. Kc3 Raxa4 62. Rxa4 Rxa4 63. Rf1 Ra2 64. Kb3 Rd2 65. Rc1+ Kd5 66. Rf1 Kc5 67. Rc1+ Kb6 68. Rf1 Re2 69. Kb4 Rc2 70. Kb3 Rd2 71. Kb4 Kc6 72. Rc1+ Kd6 73. Rf1 Kd5 74. Kxb5 Rb2+ 75. Ka4 Kc4 76. Ka3 Rc2 77. Rd1 Rxf2 78. Rd4+ Kc5 79. Ra4 Rf3 80. Ra5+ Kc4 81. Kb2 Kd3 82. Ra8 Kxe3 83. Rh8 Rxg3 0-1

[Event "SVK-ch Seniors-A"]
[Site "Tatranske Matliare"]
[Date "2011.05.??"]
[Round "9"]
[White "Sturc, Gustav"]
[Black "Lesny, Stefan"]
[Result "1/2-1/2"]
[WhiteElo "2021"]
[BlackElo "2074"]
[PlyCount "26"]
[EventDate "2011.05.27"]
[EventType "swiss"]
[EventRounds "9"]
[EventCountry "SVK"]
[SourceTitle "EXT 2023"]
[Source "ChessBase"]
[SourceDate "2022.10.05"]
[SourceVersion "1"]
[SourceVersionDate "2022.10.05"]
[SourceQuality "1"]

1. e4 e5 2. Nf3 Nc6 3. Bb5 a6 4. Ba4 Nf6 5. 0-0 d6 6. Re1 Bd7 7. c3 Be7 8. h3 0-0 9. d4 Re8 10. Nbd2 Bf8 11. Bc2 h6 12. dxe5 Nxe5 13. Nxe5 dxe5 1/2-1/2

[Event "SVK-ch Seniors-A"]
[Site "Tatranske Matliare"]
[Date "2011.05.??"]
[Round "3"]
[White "Vrbica, Ladislav"]
[Black "Lesny, Stefan"]
[Result "1/2-1/2"]
[WhiteElo "1962"]
[BlackElo "2074"]
[PlyCount "41"]
[EventDate "2011.05.27"]
[EventType "swiss"]
[EventRounds "9"]
[EventCountry "SVK"]
[SourceTitle "EXT 2023"]
[Source "ChessBase"]
[SourceDate "2022.10.05"]
[SourceVersion "1"]
[SourceVersionDate "2022.10.05"]
[SourceQuality "1"]

1. c4 e6 2. Nc3 c6 3. d4 d5 4. cxd5 exd5 5. Nf3 Nf6 6. Bg5 Be7 7. e3 Nbd7 8. Be2 Nf8 9. 0-0 Ng6 10. a3 h6 11. Bxf6 Bxf6 12. Qc2 0-0 13. b4 Re8 14. a4 Bd7 15. Qb3 Rb8 16. b5 Qa5 17. Bd3 Ne7 18. e4 dxe4 19. Nxe4 Nd5 20. Nxf6+ Nxf6 21. Bc4 1/2-1/2

[Event "SVK-chT3A2 1011"]
[Site "Slovakia"]
[Date "2010.12.12"]
[Round "5.1"]
[White "Lesny, Stefan"]
[Black "Veselsky, Jozef"]
[Result "1/2-1/2"]
[WhiteElo "2100"]
[BlackElo "2118"]
[PlyCount "110"]
[EventDate "2010.10.17"]
[EventType "team-tourn"]
[EventRounds "11"]
[EventCountry "SVK"]
[SourceTitle "EXT 2012"]
[Source "ChessBase"]
[SourceDate "2011.11.24"]
[SourceVersion "1"]
[SourceVersionDate "2011.11.24"]
[SourceQuality "1"]
[WhiteTeam "Dunajska Streda SK III"]
[BlackTeam "Potonska Veza"]
[WhiteTeamCountry "SVK"]
[BlackTeamCountry "SVK"]

1. e4 c5 2. f4 d6 3. Nf3 Nc6 4. c3 e5 5. d3 Nf6 6. Be2 Be7 7. Na3 0-0 8. Nc2 Qb6 9. fxe5 dxe5 10. Ne3 Be6 11. c4 Qc7 12. Nd5 Bxd5 13. cxd5 Nd4 14. Nxd4 cxd4 15. Bd2 Qb6 16. Rb1 Rac8 17. Qa4 a6 18. Qa5 Qxa5 19. Bxa5 Rc2 20. Bd2 Rfc8 21. Bd1 R2c7 22. Bb3 Bc5 23. h3 Ne8 24. Ke2 Nd6 25. g4 Ra8 26. Rbc1 a5 27. h4 Rcc8 28. Be1 f6 29. g5 Bb6 30. Rxc8+ Rxc8 31. gxf6 gxf6 32. Bd2 Kf7 33. Kf2 Rg8 34. Kf3 Ke7 35. Ba4 Bd8 36. b4 b5 37. Bd1 a4 38. Be2 f5 39. Rc1 Kd7 40. exf5 Nxf5 41. Rc5 Nd6 42. Be1 h5 43. Bg3 e4+ 44. Kf2 e3+ 45. Kf3 Nf5 46. Bf4 Nxh4+ 47. Ke4 Bf6 48. Rc7+ Kd8 49. d6 Re8+ 50. Kd5 Ng6 51. Bh2 Be5 52. Bxe5 Rxe5+ 53. Kc6 Rf5 54. Rd7+ Kc8 55. Rc7+ Kd8 1/2-1/2

[Event "SVK-chT3A2 1011"]
[Site "Slovakia"]
[Date "2010.10.17"]
[Round "1.1"]
[White "Lesny, Stefan"]
[Black "Jablonicky, Frantisek"]
[Result "1/2-1/2"]
[WhiteElo "2100"]
[BlackElo "2150"]
[PlyCount "61"]
[EventDate "2010.10.17"]
[EventType "team-tourn"]
[EventRounds "11"]
[EventCountry "SVK"]
[SourceTitle "EXT 2012"]
[Source "ChessBase"]
[SourceDate "2011.11.24"]
[SourceVersion "1"]
[SourceVersionDate "2011.11.24"]
[SourceQuality "1"]
[WhiteTeam "Dunajska Streda SK III"]
[BlackTeam "Trnava Modranka"]
[WhiteTeamCountry "SVK"]
[BlackTeamCountry "SVK"]

1. e4 c6 2. f4 d5 3. e5 Bf5 4. Nf3 e6 5. d3 c5 6. g3 h5 7. Bg2 Be7 8. Nc3 Nc6 9. a3 Qb6 10. Qd2 Nh6 11. Nd1 Bg4 12. c3 Nf5 13. Ne3 Na5 14. Rb1 Nb3 15. Qc2 c4 16. Nxg4 hxg4 17. Nd4 Nfxd4 18. cxd4 cxd3 19. Qxd3 Nxd4 20. b4 Rc8 21. Bb2 Nf5 22. Ke2 0-0 23. h3 gxh3 24. Rxh3 Qa6 25. Qxa6 bxa6 26. Kd3 f6 27. g4 Nh6 28. exf6 Bxf6 29. Bxf6 Rxf6 30. g5 Rg6 31. Bf3 1/2-1/2

[Event "SVK-ch Seniors-A"]
[Site "Tatranske Matliare"]
[Date "2010.06.07"]
[Round "2"]
[White "Vasek, Rostislav"]
[Black "Lesny, Stefan"]
[Result "0-1"]
[WhiteElo "1713"]
[BlackElo "2106"]
[PlyCount "72"]
[EventDate "2010.06.06"]
[EventType "swiss"]
[EventRounds "9"]
[EventCountry "SVK"]
[SourceTitle "EXT 2023"]
[Source "ChessBase"]
[SourceDate "2022.10.05"]
[SourceVersion "1"]
[SourceVersionDate "2022.10.05"]
[SourceQuality "1"]

1. e4 e5 2. Nf3 Nc6 3. Bc4 Be7 4. 0-0 d6 5. d4 Nf6 6. d5 Nb8 7. Re1 Bg4 8. h3 Bh5 9. Qd3 Nbd7 10. b4 a6 11. a4 a5 12. Bb5 0-0 13. Bxd7 Qxd7 14. b5 b6 15. Nbd2 h6 16. Nc4 Bg6 17. Nh4 Bxe4 18. Rxe4 Nxe4 19. Nf3 Nc5 20. Qe2 Bf6 21. Ra3 e4 22. Nh2 Bg5 23. Bxg5 hxg5 24. Ne3 f5 25. Qh5 Qe7 26. g4 f4 27. Nf5 Qf6 28. h4 g6 29. hxg5 gxh5 30. gxf6 Rxf6 31. Ne7+ Kf7 32. g5 Kxe7 33. gxf6+ Kxf6 34. c4 Rg8+ 35. Kh1 Nd3 36. f3 Nf2# 0-1

[Event "SVK-ch Seniors-A"]
[Site "Tatranske Matliare"]
[Date "2010.06.??"]
[Round "5"]
[White "Lesny, Stefan"]
[Black "Sturc, Jan"]
[Result "1/2-1/2"]
[WhiteElo "2106"]
[BlackElo "1946"]
[PlyCount "32"]
[EventDate "2010.06.06"]
[EventType "swiss"]
[EventRounds "9"]
[EventCountry "SVK"]
[SourceTitle "EXT 2023"]
[Source "ChessBase"]
[SourceDate "2022.10.05"]
[SourceVersion "1"]
[SourceVersionDate "2022.10.05"]
[SourceQuality "1"]

1. e4 c5 2. f4 e6 3. Nf3 d5 4. e5 Nc6 5. c3 Nh6 6. Na3 a6 7. Nc2 Nf5 8. d3 d4 9. c4 h5 10. Ng5 f6 11. exf6 gxf6 12. Ne4 Bd6 13. Be2 Ng7 14. Bf3 Qe7 15. Qe2 Bd7 16. Bd2 0-0-0 1/2-1/2

[Event "SVK-ch Seniors-A"]
[Site "Tatranske Matliare"]
[Date "2010.06.??"]
[Round "9"]
[White "Seelinger, Lorenz"]
[Black "Lesny, Stefan"]
[Result "1-0"]
[WhiteElo "2215"]
[BlackElo "2106"]
[PlyCount "95"]
[EventDate "2010.06.06"]
[EventType "swiss"]
[EventRounds "9"]
[EventCountry "SVK"]
[SourceTitle "EXT 2023"]
[Source "ChessBase"]
[SourceDate "2022.10.05"]
[SourceVersion "1"]
[SourceVersionDate "2022.10.05"]
[SourceQuality "1"]

1. e4 e5 2. Nf3 Nc6 3. Bb5 a6 4. Ba4 d6 5. c3 Nf6 6. d4 b5 7. Bb3 Bg4 8. d5 Nb8 9. Nbd2 h6 10. 0-0 Be7 11. Re1 Nbd7 12. Bc2 Nb6 13. Nf1 Nh7 14. Ne3 Bh5 15. Nf5 Bf6 16. h3 Ng5 17. Bxg5 hxg5 18. g4 Bg6 19. Kg2 Bxf5 20. exf5 Rc8 21. a4 c6 22. dxc6 Rxc6 23. axb5 axb5 24. Bd3 Rc5 25. Qe2 Nd5 26. Bxb5+ Ke7 27. Ra4 Nf4+ 28. Rxf4 gxf4 29. g5 Qb8 30. c4 Qa8 31. gxf6+ gxf6 32. Kh2 Qg8 33. Qe4 Qh7 34. h4 Kf8 35. Rd1 Qh5 36. Rxd6 Qg4 37. Rd8+ Kg7 38. Rxh8 Kxh8 39. b4 Rc8 40. c5 Rg8 41. Bf1 Qg7 42. c6 Qf8 43. b5 Qc5 44. Qe2 e4 45. Nd2 Qxf5 46. Bh3 Qg6 47. Qg4 Qh6 48. Qxg8+ 1-0

[Event "SVK-chT3A2 0910"]
[Site "Slovakia"]
[Date "2010.02.13"]
[Round "9.1"]
[White "Lesny, Stefan"]
[Black "Cechovic, Stefan"]
[Result "0-1"]
[WhiteElo "2086"]
[BlackElo "2181"]
[PlyCount "114"]
[EventDate "2009.10.18"]
[EventType "team-tourn"]
[EventRounds "11"]
[EventCountry "SVK"]
[SourceTitle "EXT 2011"]
[Source "ChessBase"]
[SourceDate "2010.11.26"]
[SourceVersion "1"]
[SourceVersionDate "2010.11.26"]
[SourceQuality "1"]
[WhiteTeam "Dunajska Streda SK III"]
[BlackTeam "Cifer"]
[WhiteTeamCountry "SVK"]
[BlackTeamCountry "SVK"]

1. e4 c6 2. f4 d5 3. e5 Bf5 4. Nf3 e6 5. d3 c5 6. c3 Nc6 7. g3 Be7 8. Bg2 h5 9. h4 Nh6 10. Na3 Bg4 11. 0-0 Nf5 12. Qe1 Rb8 13. Nc2 Bxf3 14. Rxf3 g6 15. Kh2 b5 16. Rf1 c4 17. Qd2 Qb6 18. Ne3 Nxe3 19. Qxe3 Qxe3 20. Bxe3 0-0 21. Rf2 Rfc8 22. Rd1 a5 23. a3 cxd3 24. Rxd3 b4 25. axb4 axb4 26. cxb4 Bxb4 27. Rc2 Na5 28. Re2 Rc6 29. Bd4 Rbc8 30. Bf3 Rc2 31. Kh3 Rxe2 32. Bxe2 Kf8 33. Bd1 Ke7 34. g4 hxg4+ 35. Kxg4 Rh8 36. Bf2 Rc8 37. Bd4 Rc4 38. Kg5 Kf8 39. h5 Be7+ 40. Kh6 gxh5 41. Kxh5 Nc6 42. Be3 Nxe5 43. Rc3 Rxc3 44. bxc3 Nd7 45. Kg4 Bf6 46. Ba4 Ke7 47. Bd4 Bxd4 48. cxd4 Nf6+ 49. Kf3 Ne4 50. Bc2 Nd6 51. Bd3 Kf6 52. Kg4 Nc8 53. f5 e5 54. dxe5+ Kxe5 55. Kg5 f6+ 56. Kg4 Nd6 57. Bb1 Nc4 0-1